Countries Never Colonized by the British - Sudden Death - Statistics

General Stats
  • This quiz has been taken 302 times
  • The average score is 6 of 22
Answers on the Grid
Answers color-coded by a green-red scale on the quiz's grid according to % correct below.
Andorra
Azerbaijan
Belarus
Bolivia
Burundi
Canada
Central African Republic
Chad
Guatemala
India
Ivory Coast
Kyrgyzstan
Liechtenstein
Luxembourg
Maldives
Mali
Marshall Islands
Monaco
Mongolia
Paraguay
Republic of the Congo
Rwanda
São Tomé and Príncipe
South Africa
Suriname
Sweden
Tajikistan
Uzbekistan
Vanuatu
Vatican City
 
Answer Stats
Answer % Correct
Andorra
67%
Bolivia
35%
Monaco
33%
Vatican City
33%
Mongolia
32%
Liechtenstein
31%
Belarus
30%
Kyrgyzstan
30%
Luxembourg
27%
Paraguay
26%
Sweden
26%
Guatemala
24%
Tajikistan
23%
Uzbekistan
22%
Ivory Coast
19%
Chad
18%
Mali
18%
Republic of the Congo
17%
Central African Republic
16%
São Tomé and Príncipe
16%
Marshall Islands
11%
Burundi
10%
No matching quizzes found
Score Distribution
Percent of People with Each Score
Percentile by Number Answered
Your Score History
You have not taken this quiz